1308 1572 1187 1521 1581 1286 1781 1645 1022 1278 1730 1967 1579 1831 1674 1986 1794 1680 1548 1140 1714 1480 1638 1987 1550 1902 1893 1531 1639 1052 1007 1294 1596 1783 1173 1273 1351 1382 1878 1648 1633 1709 1417 1999 1601 1369 1089 1410 1637 1829 1117 1698 1855 1456 1448 1160 1654 1607 1108 1127 1656 1317 1160 1430 1921 1609 1361 1505 1386 1950 1065 1915 1979 1791 1125 1796 1415 1527 1841 1374 1217 1799 1289 1795 1265 1510 1854 1050 1946 1921 1760 1854 1830 1752 1338 1431 1108 1133 1533 BCNSPRNW ULIB Ver.6.0+V

เปลี่ยนเป็นภาษาไทย

Change to English
 แสดงรายละเอียดบรรณานุกรม
  กลับหน้าหลัก

Brief Record : Get Marc (ISO 2709) : E-mail record : QR code < ปิดหน้าต่าง
LEADER : 00000nam 2200000uu 4500
001    13399111528
003     ULIB
008    110630s||||||||th 000 0 tha d
020    9789740920083
050  4 BQ4570^bน445ธ 2550
100 0  นาคา นาคทอง
245 10 ธรรมวาจาปัญญานันทภิกขุ /^cนาคา นาคทอง
260    กรุงเทพฯ :^bวาไรตี้,^c2550
300    159 หน้า :^bภาพประกอบสีบางภาพ
650  7 ธรรมะ
945    ^p129^l0^i023140
995    ทศพร
999 ^a ใช้งานได้ทุกระบบ
รายการนี้ยังไม่มีแท็ก
คุณยังไม่ได้ล็อกอิน คุณสามารถมีกิจกรรมร่วมกับเว็บไซต์ได้ แต่ต้องล็อกอินก่อน ::
  ล็อกอิน

รายการสื่อสารสนเทศ

ลำดับที่ ประเภท เลขเรียก/บาร์โค้ด สถานที่ สถานะ
- ไม่พบข้อมูล -

รายการใกล้เคียง
    หัวเรื่อง [ธรรมะ]

BibComment


ยังไม่เคยถูกคอมเมนท์

คอมเมนท์ทรัพยากรรายการนี้
  คอมเมนท์: ธรรมวาจาปัญญานันท..


 Copyright 2026. Bcnsprnw @Library